000
00268nam a2200121Ia 4500
100
_a
Khanna/O.P
942
_c
BK
654
_a
welding
245
_a
Text book of Welding technology
260
_b
DHANPAT RAI AND SONS
_a
Delhi
_c
1998
300
_a
948
546
_a
ENGLISH
999
_c
29109
_d
29109